000 00392nam a2200181Ia 4500
001 2648
005 20260306144822.0
008 260306t2000||||xx |||||||||||||| ||spa||
041 _aESP
082 _a618.9289
_bF43
100 _aFerrari, Pierre
_eAUT
245 0 _aEl autismo infantil
260 _c2000
300 _a
_c
650 _aGEN
654 _aCPS
942 _cLIB
_dJUS
_fJUS
_2ddc
_n
999 _c2648
_d2648